Statistiques concernant Périphrases - Série 03

Cliquez ici pour prendre le quiz!

Statistiques générales

  • Ce quiz a été pris 105 fois
  • Le résultat moyen est 8 sur 10

Statistiques - réponses

PériphraseMot% Correct
Le vieux continentEurope
96%
Le grand écrancinéma
95%
Le petit écrantélévision
95%
Le ballon rondfootball
83%
Le billet vertdollar
83%
La ville sainteJérusalem
82%
La ville éternelleRome
75%
Les perles de la bouchedents
64%
Les miroirs de l'âmeyeux
63%
La terre des dieuxGrèce
54%

Distribution des résultats

Percentile par nombre de réponses

% des personnes avec chaque résultat

Votre développement - résultats

Vous n’avez pas pris ce quiz